000 00790nam a2200253 i 4500
001 C2-0252948
003 PPAK
005 20180727220042.0
008 031218s2003 si a|||| ||||| | eng d
020 _a981404556X
040 _aPPAK
_beng
_cPPAK
_erda
082 0 4 _a781.62
_223
090 0 0 _a781.62
_bSON
_dR
245 0 0 _aSonic orders
_ba field and laboratory study of musical cultures and system in southeast Asia
264 1 _aSingapore :
_bASEAN Committee on Culture and Information ,
_c2003
300 _a723 pages :
_billustrations ;
_c24 cm
336 _2rdacontent
_atext
337 _2rdamedia
_aunmediated
338 _2rdacarrier
_avolume
500 _aVolume 11
650 1 0 _aMusical instruments - Asean countries.
700 1 _aPeters, Joe,
_eeditor
942 _ddc
_cB
999 _c65915
_d65915